[Event "ipca2019"]
[Site "?"]
[Date "2019.07.03"]
[Round "6.11"]
[White "Obodchuk, Andrei"]
[Black "Jurkiewicz, Krzysztof"]
[Result "1/2-1/2"]
[BlackElo "2007"]
[WhiteElo "2316"]
[LiveChessVersion "1.4.8"]

1. d4 {[%clk 1:30:55]} Nf6 {[%clk 1:30:55]} 2. c4 {[%clk 1:31:19]} g6
{[%clk 1:31:22]} 3. Nc3 {[%clk 1:31:46]} Bg7 {[%clk 1:31:47]} 4. e4
{[%clk 1:32:12]} d6 {[%clk 1:32:13]} 5. h3 {[%clk 1:32:28]} O-O {[%clk 1:32:36]}
6. Be3 {[%clk 1:32:54]} e5 {[%clk 1:32:43]} 7. d5 {[%clk 1:33:09]} a5
{[%clk 1:31:36]} 8. g4 {[%clk 1:33:18]} Na6 {[%clk 1:16:50]} 9. Nge2
{[%clk 1:33:27]} Nc5 10. Ng3 c6 {[%clk 1:15:20]} 11. g5 {[%clk 1:31:35]} Ne8
{[%clk 1:15:18]} 12. dxc6 {[%clk 1:31:51]} Ne6 {[%clk 1:13:12]} 13. cxb7
{[%clk 1:32:04]} Bxb7 {[%clk 1:13:36]} 14. Qd2 {[%clk 1:31:21]} f5
{[%clk 1:13:21]} 15. gxf6 {[%clk 1:31:23]} Nxf6 {[%clk 1:08:29]} 16. O-O-O
{[%clk 1:24:38]} Nd4 {[%clk 1:08:24]} 17. Nd5 {[%clk 1:23:38]} a4
{[%clk 1:05:00]} 18. Kb1 {[%clk 1:23:39]} Rf7 {[%clk 1:01:02]} 19. Rc1
{[%clk 1:22:10]} Rb8 {[%clk 0:58:35]} 20. Bd3 {[%clk 1:17:36]} Bxd5
{[%clk 0:46:57]} 21. exd5 {[%clk 1:16:27]} Rfb7 {[%clk 0:46:40]} 22. Bxd4
{[%clk 1:16:45]} exd4 {[%clk 0:47:00]} 23. Rc2 {[%clk 1:17:11]} Nd7
{[%clk 0:36:27]} 24. Ne4 {[%clk 1:17:02]} Ne5 {[%clk 0:34:59]} 25. h4
{[%clk 1:16:38]} a3 {[%clk 0:27:25]} 26. b3 {[%clk 1:15:56]} Rxb3+
{[%clk 0:27:40]} 27. axb3 {[%clk 1:16:24]} Rxb3+ {[%clk 0:28:09]} 28. Ka2
{[%clk 1:16:49]} Rxd3 {[%clk 0:27:58]} 29. Qg5 {[%clk 1:16:48]} Qf8
{[%clk 0:25:02]} 30. Rb1 {[%clk 1:15:55]} Rf3 {[%clk 0:24:34]} 31. Qc1
{[%clk 1:10:14]} d3 {[%clk 0:24:17]} 32. Rd2 {[%clk 1:10:33]} Bh6
{[%clk 0:24:03]} 33. Ng5 {[%clk 1:10:42]} Rxf2 {[%clk 0:24:06]} 34. Rxf2
{[%clk 1:10:22]} Qxf2+ {[%clk 0:24:34]} 35. Kxa3 {[%clk 1:10:39]} Qa7+
{[%clk 0:22:49]} 36. Kb3 {[%clk 1:10:48]} Qb6+ {[%clk 0:22:17]} 37. Kc3
{[%clk 1:09:59]} Qa5+ {[%clk 0:22:00]} 38. Kd4 {[%clk 1:09:52]} Qc5+
{[%clk 0:18:23]} 39. Ke4 {[%clk 1:10:16]} Qc8 {[%clk 0:17:53]} 40. Qf4
{[%clk 1:04:54]} Qxc4+ {[%clk 0:17:38]} 41. Ke3 {[%clk 1:05:22]} Qc5+
{[%clk 0:16:39]} 42. Qd4 {[%clk 1:05:49]} Qc8 {[%clk 0:15:30]} 43. Qf4
{[%clk 1:02:59]} Qc5+ {[%clk 0:14:52]} 44. Qd4 {[%clk 1:03:22]} Qc8
{[%clk 0:13:26]} 45. Qf4 {[%clk 1:03:51]} 1/2-1/2

[Event "ipca2019"]
[Site "?"]
[Date "2019.07.03"]
[Round "6.15"]
[White "Gerasimova, Svetlana"]
[Black "Spirka, Jan"]
[Result "1-0"]
[BlackElo "1366"]
[WhiteElo "1913"]
[LiveChessVersion "1.4.8"]

1. e4 {[%clk 1:30:57]} e6 {[%clk 1:29:53]} 2. d4 {[%clk 1:30:42]} d6
{[%clk 1:29:41]} 3. Nc3 {[%clk 1:31:01]} Nf6 {[%clk 1:29:24]} 4. Be3
{[%clk 1:31:19]} Be7 {[%clk 1:29:31]} 5. f3 {[%clk 1:30:46]} Bd7 {[%clk 1:29:04]}
6. Qd2 {[%clk 1:30:11]} h6 {[%clk 1:28:47]} 7. O-O-O {[%clk 1:30:26]} O-O
{[%clk 1:27:50]} 8. g4 {[%clk 1:30:02]} Nh7 {[%clk 1:27:46]} 9. Kb1
{[%clk 1:29:53]} Nc6 {[%clk 1:26:19]} 10. h4 {[%clk 1:28:29]} a6 {[%clk 1:25:07]}
11. Qh2 {[%clk 1:27:15]} f6 {[%clk 1:22:08]} 12. f4 {[%clk 1:25:53]} Rf7
{[%clk 1:19:28]} 13. g5 {[%clk 1:26:13]} Rf8 {[%clk 1:18:42]} 14. g6
{[%clk 1:26:25]} b5 {[%clk 1:16:44]} 15. gxh7+ {[%clk 1:26:43]} Kxh7
{[%clk 1:16:47]} 16. Nf3 {[%clk 1:27:02]} b4 {[%clk 1:15:10]} 17. Ne2
{[%clk 1:27:24]} Na5 {[%clk 1:15:22]} 18. Rg1 {[%clk 1:26:30]} Nc4 19. Bc1 f5
{[%clk 1:12:31]} 20. Qg2 {[%clk 1:25:21]} Rg8 {[%clk 1:11:40]} 21. Qg6+
{[%clk 1:25:41]} Kh8 {[%clk 1:11:55]} 22. Ng5 {[%clk 1:25:49]} Bxg5 23. hxg5 Qe8
{[%clk 1:11:36]} 24. gxh6 {[%clk 1:25:33]} Qxg6 25. Rxg6 Kh7 {[%clk 1:10:07]} 26.
Rxg7+ {[%clk 1:25:40]} Rxg7 {[%clk 1:10:15]} 27. hxg7 {[%clk 1:26:05]} Kxg7 28.
exf5 exf5 {[%clk 1:09:09]} 29. Ng3 {[%clk 1:26:31]} Kg6 {[%clk 1:09:19]} 30. Bxc4
{[%clk 1:26:56]} a5 {[%clk 1:08:55]} 31. Rg1 {[%clk 1:27:18]} Kf6
{[%clk 1:08:54]} 32. Nh5+ {[%clk 1:27:34]} Ke7 {[%clk 1:08:29]} 33. Rg7+
{[%clk 1:27:59]} Kd8 {[%clk 1:08:52]} 34. Rg8+ {[%clk 1:28:24]} Be8
{[%clk 1:09:20]} 35. Ng7 {[%clk 1:28:05]} Ke7 {[%clk 1:09:44]} 36. Rxe8+
{[%clk 1:28:09]} Rxe8 {[%clk 1:10:04]} 37. Nxe8 {[%clk 1:28:35]} Kxe8
{[%clk 1:10:21]} 38. Be6 {[%clk 1:28:58]} Ke7 {[%clk 1:10:38]} 39. Bxf5
{[%clk 1:29:23]} Kf6 {[%clk 1:10:40]} 40. Be4 {[%clk 1:29:48]} Ke6
{[%clk 1:10:30]} 41. c3 {[%clk 1:30:07]} bxc3 {[%clk 1:10:36]} 42. bxc3
{[%clk 1:30:36]} d5 {[%clk 1:10:27]} 43. Bd3 {[%clk 1:30:56]} c6 {[%clk 1:10:42]}
44. f5+ {[%clk 1:31:14]} Kf6 {[%clk 1:10:50]} 45. Bf4 {[%clk 1:31:38]} a4
{[%clk 1:10:42]} 46. Be5+ {[%clk 1:32:04]} Kf7 {[%clk 1:11:03]} 47. f6
{[%clk 1:32:26]} a3 48. Be2 {[%clk 1:32:48]} Kg6 {[%clk 1:11:05]} 49. Kc2
{[%clk 1:33:11]} Kf7 {[%clk 1:11:23]} 50. Bh5+ {[%clk 1:33:11]} Kg8
{[%clk 1:11:37]} 51. f7+ Kf8 52. Bd6+ 1-0